[Event "Contrecoeur-A"]
[Site "Contrecoeur CAN"]
[Date "2018.11.02"]
[Round "1.2"]
[White "Durette, Francis"]
[Black "Chiku-Ratte, Olivier-Kenta"]
[Result "0-1"]
[WhiteElo "2142"]
[BlackElo "2393"]
[PlyCount "80"]
[EventDate "2018.11.02"]
[EventType "swiss"]
[EventRounds "5"]
[EventCountry "CAN"]

1. Nf3 f5 2. c4 Nf6 3. d4 g6 4. Nc3 Bg7 5. g3 O-O 6. Bg2 d6 7. O-O Nbd7 8. Ng5
Nb8 9. Nf3 a5 10. b3 Nc6 11. Bb2 Kh8 12. Qd2 Rb8 13. Rad1 e6 14. Rfe1 Ne4 15.
Nxe4 fxe4 16. Ng5 d5 17. f3 Rf5 18. Nh3 exf3 19. exf3 Qf8 20. f4 h6 21. Nf2 Qg8
22. Ng4 Rf8 23. Ne5 Nxe5 24. fxe5 b6 25. Qc2 Kh7 26. cxd5 exd5 27. Qxc7 Bf5 28.
Qc6 Be6 29. Qb5 h5 30. Ba3 Rfc8 31. Bd6 Rb7 32. Rc1 Bh6 33. Rxc8 Qxc8 34. Bxd5
Qc3 35. Rd1 Qe3+ 36. Kh1 Rf7 37. Bg2 h4 38. Rf1 h3 39. Bxh3 Bxh3 40. Rxf7+ Bg7
0-1

[Event "Contrecoeur-A"]
[Site "Contrecoeur CAN"]
[Date "2018.11.03"]
[Round "3.1"]
[White "Rodrigue-Lemieux, Shawn"]
[Black "Chiku-Ratte, Olivier-Kenta"]
[Result "1/2-1/2"]
[WhiteElo "2314"]
[BlackElo "2393"]
[PlyCount "69"]
[EventDate "2018.11.02"]
[EventType "swiss"]
[EventRounds "5"]
[EventCountry "CAN"]

1. d4 Nf6 2. Nf3 g6 3. Bg5 Bg7 4. Nbd2 O-O 5. c3 d6 6. e4 c5 7. dxc5 dxc5 8.
Bc4 Nc6 9. Qe2 Qc7 10. O-O h6 11. Bh4 Nh5 12. Rfe1 e5 13. Rad1 Na5 14. Bd5 Nf4
15. Qe3 Be6 16. Nb3 Nxb3 17. axb3 a5 18. Bg3 Bg4 19. h3 Bh5 20. Bxf4 exf4 21.
Qd3 Bxf3 22. Qxf3 Be5 23. Qe2 a4 24. bxa4 Rxa4 25. Ra1 Qa5 26. Rad1 Qb6 27. Qc2
Ra5 28. Bc4 Qf6 29. Be2 Rfa8 30. Qb3 b5 31. Rd5 b4 32. cxb4 Ra1 33. Rdd1 Rxd1
34. Rxd1 cxb4 35. Bc4 1/2-1/2

[Event "Contrecoeur-A"]
[Site "Contrecoeur CAN"]
[Date "2018.11.04"]
[Round "4.1"]
[White "Chiku-Ratte, Olivier-Kenta"]
[Black "Richard, Leo"]
[Result "1-0"]
[WhiteElo "2393"]
[BlackElo "1894"]
[PlyCount "77"]
[EventDate "2018.11.02"]
[EventType "swiss"]
[EventRounds "5"]
[EventCountry "CAN"]

1. d4 d5 2. c4 c6 3. Nf3 Nf6 4. e3 e6 5. Nc3 Nbd7 6. Qc2 Bd6 7. Bd3 dxc4 8.
Bxc4 O-O 9. O-O c5 10. dxc5 Nxc5 11. Rd1 Qe7 12. e4 Ncd7 13. Bg5 Ne5 14. Be2
Nxf3+ 15. Bxf3 Be5 16. Rac1 Bd7 17. Bxf6 Bxf6 18. e5 Bxe5 19. Bxb7 Rab8 20. Be4
Kh8 21. Qd3 Rfd8 22. Qe2 Qf6 23. g3 Bd4 24. Rd2 Be8 25. Rcd1 Bxc3 26. Rxd8 Rxd8
27. Rxd8 Qxd8 28. bxc3 Qa5 29. Qd2 Qa4 30. Qd8 g6 31. c4 Qd7 32. Qa8 Kg7 33.
Bf3 Qd3 34. Kg2 Ba4 35. Qc8 e5 36. Qc7 Qd4 37. Bd5 Bc2 38. Qxf7+ Kh6 39. Qf8+
1-0

[Event "Contrecoeur-A"]
[Site "Contrecoeur CAN"]
[Date "2018.11.04"]
[Round "5.1"]
[White "Huang, Qiuyu"]
[Black "Chiku-Ratte, Olivier-Kenta"]
[Result "0-1"]
[WhiteElo "2247"]
[BlackElo "2393"]
[PlyCount "108"]
[EventDate "2018.11.02"]
[EventType "swiss"]
[EventRounds "5"]
[EventCountry "CAN"]

1. e4 c5 2. Nf3 Nc6 3. d4 cxd4 4. Nxd4 e6 5. Nc3 Qc7 6. Be2 Nf6 7. O-O Be7 8.
Be3 O-O 9. f4 d6 10. Nb3 a6 11. a4 b6 12. Bf3 Nd7 13. Qe2 Nc5 14. Nd4 Bd7 15.
Rfd1 Rfd8 16. Qf2 Bf6 17. e5 dxe5 18. Nxc6 Bxc6 19. Bxc5 bxc5 20. Qxc5 Rdc8 21.
Ne4 Bxe4 22. Qxc7 Rxc7 23. Bxe4 Rb8 24. fxe5 Bxe5 25. Rab1 Rc4 26. Bd3 Rxa4 27.
Ra1 Rxa1 28. Rxa1 Rxb2 29. Rxa6 g6 30. h3 Bd4+ 31. Kf1 Kg7 32. Ke2 Rb1 33. Kd2
Rg1 34. Be4 f5 35. Bb7 e5 36. c3 Bf2 37. Ke2 Bh4 38. Ra2 e4 39. Ke3 Re1+ 40.
Kd2 Rf1 41. Ke3 Be7 42. Kd4 Bf6+ 43. Kd5 Bxc3 44. Ke6 Rb1 45. Bc6 Rb6 46. Kd7
Kf6 47. Rc2 Be5 48. Ra2 Kg5 49. Ra5 Bc3 50. Rc5 Bb4 51. Rc2 Kf4 52. Ra2 Bc3 53.
Rc2 Bd4 54. Rd2 Ke3 0-1

[Event "Vendredi 2018.10.12"]
[Site "Montreal CAN"]
[Date "2018.10.12"]
[Round "1"]
[White "Chiku-Ratte, Olivier-Kenta"]
[Black "Toenz, Antoine"]
[Result "1-0"]
[WhiteElo "2398"]
[BlackElo "2033"]
[PlyCount "41"]
[EventDate "2018.10.12"]
[EventType "tourn"]
[EventRounds "3"]
[EventCountry "CAN"]

1. Nf3 d5 2. d4 Nf6 3. c4 c6 4. e3 e6 5. Bd3 dxc4 6. Bxc4 b5 7. Be2 Bb7 8. O-O
a6 9. a4 Be7 10. Nbd2 Nbd7 11. Nb3 Qb6 12. Bd2 c5 13. dxc5 Nxc5 14. Ba5 Qd6 15.
Nxc5 Qxd1 16. Rfxd1 Bxc5 17. Rac1 Nd7 18. b4 Bb6 19. axb5 Bxa5 20. bxa5 Nf6 21.
bxa6 1-0

[Event "Vendredi 2018.10.12"]
[Site "Montreal CAN"]
[Date "2018.10.19"]
[Round "2"]
[White "Chiku-Ratte, Olivier-Kenta"]
[Black "McDonough, Jonathan"]
[Result "0-1"]
[WhiteElo "2398"]
[BlackElo "2219"]
[PlyCount "58"]
[EventDate "2018.10.12"]
[EventType "tourn"]
[EventRounds "3"]
[EventCountry "CAN"]

1. d4 Nf6 2. c4 g6 3. f3 d5 4. cxd5 Nxd5 5. e4 Nb6 6. Nc3 Bg7 7. Be3 O-O 8. Qd2
e5 9. d5 c6 10. O-O-O cxd5 11. exd5 Na6 12. h4 Nb4 13. Bc5 a5 14. Bxf8 Qxf8 15.
g4 e4 16. Nxe4 N4xd5 17. h5 Be6 18. hxg6 hxg6 19. Ne2 Nc4 20. Qd3 Nxb2 21. Qb3
Nxd1 22. Kxd1 Nb4 23. Qa4 Qd8+ 24. Nd2 Nxa2 25. Rh2 Rc8 26. Ke1 Nb4 27. Bh3 Rc2
28. Ne4 Bc4 29. Qa3 Ra2 0-1

[Event "Vendredi 2018.10.12"]
[Site "Montreal CAN"]
[Date "2018.10.26"]
[Round "3"]
[White "Huang, Qiuyu"]
[Black "Chiku-Ratte, Olivier-Kenta"]
[Result "0-1"]
[WhiteElo "2250"]
[BlackElo "2398"]
[PlyCount "38"]
[EventDate "2018.10.12"]
[EventType "tourn"]
[EventRounds "3"]
[EventCountry "CAN"]

1. e4 c5 2. Nf3 Nc6 3. d4 cxd4 4. Nxd4 e6 5. a3 Qc7 6. Nc3 a6 7. g3 Nf6 8. Bg2
Be7 9. O-O h5 10. Nxc6 dxc6 11. Bg5 e5 12. Qe2 Bg4 13. Qe3 Be6 14. h3 h4 15. f4
hxg3 16. f5 Bc4 17. Rfd1 Ng4 18. hxg4 Bxg5 19. Qc5 Qa5 0-1

[Event "Varennes op"]
[Site "Varennes CAN"]
[Date "2018.10.05"]
[Round "1.9"]
[White "Chiku-Ratte, Olivier-Kenta"]
[Black "Libersan, Thierry"]
[Result "1-0"]
[WhiteElo "2406"]
[BlackElo "2111"]
[PlyCount "79"]
[EventDate "2018.10.05"]
[EventType "swiss"]
[EventRounds "5"]
[EventCountry "CAN"]

1. d4 e6 2. c4 d5 3. Nc3 f5 4. Bf4 c6 5. e3 Nf6 6. Bd3 Be7 7. h3 O-O 8. Nf3 Ne4
9. Qc2 Nd7 10. g4 Ndf6 11. Ne5 Nd7 12. O-O-O Nxe5 13. Bxe5 Qa5 14. f3 Nxc3 15.
bxc3 Bd7 16. Rhg1 Rf7 17. Rg2 g6 18. Rdg1 Rc8 19. Kb1 c5 20. gxf5 exf5 21. Ka1
cxd4 22. cxd4 Be6 23. c5 Rff8 24. Rb1 b6 25. c6 Bf6 26. Bf4 Be7 27. Rgg1 a6 28.
Rb3 b5 29. Be5 Qb6 30. Rc1 Bf6 31. Bxf6 Rxf6 32. c7 Rf7 33. Rc3 Bd7 34. Rc5 Be8
35. e4 fxe4 36. fxe4 dxe4 37. Bxe4 Qd6 38. Bb7 Qxd4+ 39. Qb2 Qxb2+ 40. Kxb2 1-0

[Event "Varennes op"]
[Site "Varennes CAN"]
[Date "2018.10.06"]
[Round "2.9"]
[White "Zhong, Kevin"]
[Black "Chiku-Ratte, Olivier-Kenta"]
[Result "0-1"]
[WhiteElo "2156"]
[BlackElo "2406"]
[PlyCount "46"]
[EventDate "2018.10.05"]
[EventType "swiss"]
[EventRounds "5"]
[EventCountry "CAN"]

1. e4 c5 2. Ne2 Nc6 3. Nbc3 e6 4. d4 cxd4 5. Nxd4 Qc7 6. Be3 a6 7. Qf3 Ne5 8.
Qg3 h5 9. f4 h4 10. Qh3 Nc4 11. Bxc4 Qxc4 12. Qf3 d6 13. e5 d5 14. f5 Bb4 15.
Nde2 Ne7 16. fxe6 Bxe6 17. O-O-O Bg4 18. Qf2 Bxc3 19. Nxc3 Bxd1 20. Rxd1 O-O
21. Rd4 Qc6 22. Rxh4 Qe6 23. Qg3 Nf5 0-1

[Event "Varennes op"]
[Site "Varennes CAN"]
[Date "2018.10.06"]
[Round "3.3"]
[White "Chiku-Ratte, Olivier-Kenta"]
[Black "Miranda Mesa, Elier"]
[Result "0-1"]
[WhiteElo "2325"]
[BlackElo "2438"]
[PlyCount "118"]
[EventDate "2018.10.05"]
[EventType "swiss"]
[EventRounds "5"]
[EventCountry "CAN"]

1. d4 d5 2. c4 c6 3. Nf3 Nf6 4. e3 Bf5 5. Nc3 e6 6. Be2 h6 7. Bd3 Bxd3 8. Qxd3
Bb4 9. O-O O-O 10. Bd2 Ba5 11. Rab1 Nbd7 12. cxd5 exd5 13. Ne2 Bc7 14. Ng3 Re8
15. Bc3 Ne4 16. Nd2 Ndf6 17. Ndxe4 dxe4 18. Qe2 Nd5 19. Qg4 Qd6 20. Rbe1 Nf6
21. Qh4 Qd5 22. f3 Bxg3 23. Qxg3 Re7 24. Bb4 Rd7 25. b3 a5 26. Bc5 a4 27. bxa4
Qxa2 28. Ra1 Qe6 29. Ra3 Nd5 30. a5 exf3 31. Qxf3 Re8 32. Rb1 Qg6 33. Re1 Re4
34. a6 bxa6 35. Rxa6 f5 36. Qg3 Qe6 37. Qb8+ Kh7 38. Qb3 f4 39. Qd3 Nxe3 40.
Ra3 Qg6 41. Ra2 Nxg2 42. Qxe4 Nxe1+ 43. Qxg6+ Kxg6 44. Re2 Nf3+ 45. Kf2 Nxh2
46. Re6+ Kf5 47. Rxc6 Ng4+ 48. Kf3 Nf6 49. Bd6 g5 50. Rc5+ Kg6 51. Be5 Rf7 52.
d5 g4+ 53. Kg2 f3+ 54. Kf1 Ne4 55. Rc6+ Kf5 56. Bd4 Rb7 57. Bb6 g3 58. Rxh6
Rxb6 59. Rxb6 Nd2+ 0-1

[Event "Varennes op"]
[Site "Varennes CAN"]
[Date "2018.10.07"]
[Round "4.4"]
[White "Diaz Hernandez, Heriberto"]
[Black "Chiku-Ratte, Olivier-Kenta"]
[Result "1/2-1/2"]
[WhiteElo "2353"]
[BlackElo "2325"]
[PlyCount "31"]
[EventDate "2018.10.05"]
[EventType "swiss"]
[EventRounds "5"]
[EventCountry "CAN"]

1. e4 c5 2. Nf3 g6 3. c4 Bg7 4. d4 cxd4 5. Nxd4 Nc6 6. Be3 Nf6 7. Nc3 Ng4 8.
Qxg4 Nxd4 9. Qd1 e5 10. Bd3 O-O 11. O-O d6 12. Nd5 Be6 13. Qd2 Bxd5 14. cxd5 f5
15. Bxd4 fxe4 16. Bxe4 1/2-1/2

[Event "Varennes op"]
[Site "Varennes CAN"]
[Date "2018.10.07"]
[Round "5.7"]
[White "Chiku-Ratte, Olivier-Kenta"]
[Black "Cazelais, Marc"]
[Result "1/2-1/2"]
[WhiteElo "2406"]
[BlackElo "2082"]
[PlyCount "108"]
[EventDate "2018.10.05"]
[EventType "swiss"]
[EventRounds "5"]
[EventCountry "CAN"]

1. d4 g6 2. c4 Bg7 3. e4 d6 4. Nc3 Nc6 5. Nge2 e5 6. Be3 exd4 7. Nxd4 Nge7 8.
Be2 O-O 9. O-O f5 10. Nxc6 Nxc6 11. exf5 Bxf5 12. Qd2 Qd7 13. Rad1 Qf7 14. b3
Kh8 15. Bf3 Rae8 16. Nb5 Be4 17. Be2 a6 18. Nc3 Bf5 19. h3 Be5 20. Nd5 Bg7 21.
Rfe1 Be5 22. f4 Bg7 23. g4 Bc8 24. Bf1 Be6 25. Bg2 Bc8 26. Qf2 Be6 27. Bf3 Bc8
28. Qg2 Be6 29. b4 Bc8 30. Rc1 Nd4 31. Be4 c5 32. a3 Be6 33. Kh1 Rb8 34. Rf1
Qd7 35. Rf2 Qa4 36. bxc5 dxc5 37. Bxd4 Bxd4 38. Rf3 b5 39. f5 gxf5 40. gxf5
Bxd5 41. Bxd5 bxc4 42. Bxc4 Rb2 43. Qg3 Qc6 44. Rcf1 Qe4 45. Re1 Qc6 46. Ref1
Qe4 47. f6 Bxf6 48. Bd3 Qd5 49. Qf4 Bg7 50. Qe4 Qxe4 51. Bxe4 Rxf3 52. Rxf3 c4
53. Rf7 c3 54. Rc7 Be5 1/2-1/2

[Event "Ligue elite du dimanche - S9"]
[Site "Montreal CAN"]
[Date "2018.09.23"]
[Round "1"]
[White "Chiku-Ratte, Olivier-Kenta"]
[Black "Rodrigue-Lemieux, Shawn"]
[Result "0-1"]
[WhiteElo "2398"]
[BlackElo "2314"]
[PlyCount "94"]
[EventDate "2018.09.23"]
[EventType "team"]
[EventRounds "5"]
[EventCountry "CAN"]
[WhiteTeam "Chess Homies"]
[BlackTeam "Shredders"]

1. d4 Nf6 2. c4 e6 3. Nc3 Bb4 4. f3 Nc6 5. e4 d5 6. cxd5 exd5 7. e5 Ne4 8. fxe4
Qh4+ 9. Kd2 Qxe4 10. Nf3 Nxd4 11. Nxd4 Qxd4+ 12. Bd3 c5 13. Rf1 Bg4 14. Qc2 O-O
15. h3 Bh5 16. Ke1 Rae8 17. Bf4 g5 18. Bh2 Qe3+ 19. Be2 d4 20. a3 Ba5 21. Qd2
Qxd2+ 22. Kxd2 dxc3+ 23. bxc3 Bxe2 24. Kxe2 Bxc3 25. Rad1 Bxe5 26. Bxe5 Rxe5+
27. Kd3 Rfe8 28. Kc4 a6 29. a4 b6 30. Rd7 Re4+ 31. Kc3 Re3+ 32. Kc2 R8e7 33.
Rd6 R3e6 34. Rd5 Re2+ 35. Rd2 Rxd2+ 36. Kxd2 Re4 37. a5 b5 38. Rf6 Re6 39. Rf5
c4 40. Kc3 h6 41. Kb4 Rc6 42. Rf3 c3 43. Rxc3 Rxc3 44. Kxc3 Kg7 45. Kd4 Kg6 46.
g3 f5 47. Ke5 b4 0-1

[Event "Ligue elite du dimanche - S9"]
[Site "Montreal CAN"]
[Date "2018.10.14"]
[Round "2"]
[White "Chiku-Ratte, Olivier-Kenta"]
[Black "Masse, Hugues"]
[Result "0-1"]
[WhiteElo "2398"]
[BlackElo "2268"]
[PlyCount "148"]
[EventDate "2018.09.23"]
[EventType "team"]
[EventRounds "5"]
[EventCountry "CAN"]
[WhiteTeam "Chess Homies"]
[BlackTeam "FunkyChess"]

1. d4 Nf6 2. Nc3 d5 3. Bf4 e6 4. Nb5 Na6 5. a3 c6 6. Nc3 Bd6 7. e3 Nc7 8. Bd3
b6 9. Nf3 Bxf4 10. exf4 Ba6 11. Bxa6 Nxa6 12. Ne5 Qd6 13. Qd3 Nc7 14. O-O O-O
15. Ne2 c5 16. c3 Nd7 17. Qe3 Nxe5 18. fxe5 Qe7 19. Rae1 c4 20. f4 f5 21. exf6
Qxf6 22. Ng3 g6 23. Qf3 Rae8 24. Re5 Nb5 25. f5 gxf5 26. Nxf5 Kh8 27. Qh5 Qg6
28. Qxg6 hxg6 29. Nh4 Rxf1+ 30. Kxf1 Kg7 31. Nf3 Nd6 32. Ng5 Kf6 33. Ke2 Nf7
34. Nxf7 Kxf7 35. Kf3 Rh8 36. h3 Kf6 37. Kg4 b5 38. h4 Rh7 39. Kh3 a5 40. g4
Rb7 41. g5+ Kf7 42. h5 gxh5 43. Kh4 b4 44. axb4 axb4 45. Kxh5 bxc3 46. bxc3 Rb1
47. Re3 Rh1+ 48. Kg4 Rg1+ 49. Kf4 Rf1+ 50. Rf3 Re1 51. Kg4+ Kg7 52. Rf2 Re3 53.
Ra2 Rxc3 54. Kf4 Rd3 55. Ke5 Re3+ 56. Kd6 Kg6 57. Rg2 Re4 58. Kc5 Re3 59. Rg1
c3 60. Rg2 Rd3 61. Re2 Kxg5 62. Kd6 Rxd4 63. Rc2 Rd3 64. Ke5 Re3+ 65. Kd4 Re4+
66. Kd3 Rc4 67. Ke3 Kf5 68. Kd3 Ke5 69. Ke3 Kd6 70. Kd3 e5 71. Ke3 Rh4 72. Rc1
d4+ 73. Ke2 Kd5 74. Kd3 Rh2 0-1

[Event "Ligue elite du dimanche - S9"]
[Site "Montreal CAN"]
[Date "2018.10.21"]
[Round "3"]
[White "Soudre, Nicolas"]
[Black "Chiku-Ratte, Olivier-Kenta"]
[Result "0-1"]
[WhiteElo "2207"]
[BlackElo "2398"]
[PlyCount "79"]
[EventDate "2018.09.23"]
[EventType "team"]
[EventRounds "5"]
[EventCountry "CAN"]
[WhiteTeam "Alpha Ã‰douards"]
[BlackTeam "Chess Homies"]

1. e4 c5 2. Nf3 Nc6 3. Bb5 g6 4. O-O Bg7 5. Bxc6 dxc6 6. d3 Bg4 7. Nc3 Nf6 8.
Be3 Nd7 9. h3 Bxf3 10. Qxf3 Qa5 11. Bd2 O-O 12. Qe2 Rad8 13. Kh1 e5 14. a3 Qc7
15. b4 b5 16. Be3 Qd6 17. Rfb1 a6 18. f3 Rfe8 19. Qf2 Bf8 20. g4 Ra8 21. Ne2 a5
22. bxc5 Nxc5 23. Rd1 Ne6 24. d4 exd4 25. Nxd4 Rad8 26. Rd2 Nxd4 27. Rxd4 Qf6
28. Rad1 Bxa3 29. R1d3 Be7 30. Kg2 a4 31. Qd2 Rxd4 32. Bxd4 Qe6 33. Qh6 Bf8 34.
Qg5 Ra8 35. Bc5 h6 36. Qe3 Bg7 37. f4 Qc4 38. Rd2 a3 39. Bxa3 Qc3 40. Bc1 0-1

[Event "Ligue elite du dimanche - S9"]
[Site "Montreal CAN"]
[Date "2018.11.18"]
[Round "4"]
[White "Chiku-Ratte, Olivier-Kenta"]
[Black "Beaulieu, Eric"]
[Result "1-0"]
[WhiteElo "2412"]
[BlackElo "2255"]
[PlyCount "117"]
[EventDate "2018.09.23"]
[EventType "team"]
[EventRounds "5"]
[EventCountry "CAN"]
[WhiteTeam "Chess Homies"]
[BlackTeam "KingKongFou"]

1. d4 Nf6 2. Nf3 e6 3. c4 b6 4. g3 Bb4+ 5. Bd2 Be7 6. Bg2 Bb7 7. O-O O-O 8. Nc3
Na6 9. Re1 Ne4 10. d5 Nac5 11. Nd4 Nxd2 12. Qxd2 e5 13. Nf5 d6 14. b4 Nd7 15.
e4 Bg5 16. f4 Bf6 17. Ne3 a5 18. a3 exf4 19. gxf4 Re8 20. Rac1 axb4 21. axb4 g6
22. Nc2 Bg7 23. Nd4 Ba6 24. Ncb5 Bxb5 25. cxb5 Bxd4+ 26. Qxd4 Nf6 27. e5 Nh5
28. e6 f5 29. Bf3 Nf6 30. Qc3 Ra7 31. Ra1 Rb7 32. Rec1 Qe7 33. Qc6 Reb8 34. Ra8
Ne8 35. Ra2 Qg7 36. Qc4 Rc8 37. Re1 Qe7 38. Qd4 Rbb8 39. Ra6 Rb7 40. Qf2 Kg7
41. h4 h5 42. Qg3 Nf6 43. Qg5 Ng8 44. Qg3 Nf6 45. Ra2 Ng4 46. Bxg4 hxg4 47. Rh2
Rh8 48. h5 gxh5 49. Ra2 h4 50. Qc3+ Qf6 51. Qc6 Qd4+ 52. Kh1 Rhb8 53. e7 Qxf4
54. e8=Q Qf3+ 55. Rg2 Rxe8 56. Qd7+ Kh6 57. Qxe8 h3 58. Re6+ Kg5 59. Qg6+ 1-0

[Event "Vendredi 2018.09.14"]
[Site "Montreal CAN"]
[Date "2018.09.14"]
[Round "1"]
[White "Beaulieu, Eric"]
[Black "Chiku-Ratte, Olivier-Kenta"]
[Result "1/2-1/2"]
[WhiteElo "2274"]
[BlackElo "2418"]
[PlyCount "213"]
[EventDate "2018.09.14"]
[EventType "tourn"]
[EventRounds "3"]
[EventCountry "CAN"]

1. d4 Nf6 2. c4 g6 3. Nc3 Bg7 4. e4 d6 5. Be2 O-O 6. Nf3 c5 7. d5 e6 8. O-O
exd5 9. cxd5 Re8 10. Nd2 a6 11. a4 Nbd7 12. Ra3 Ne5 13. Re1 g5 14. Nf1 h6 15.
Ng3 Ng6 16. f3 Nf4 17. Bf1 N6h5 18. a5 Nxg3 19. hxg3 Nh5 20. g4 Ng3 21. Be3 Rb8
22. Qd2 b5 23. axb6 Qxb6 24. b3 Nxf1 25. Rxf1 Bd7 26. Rc1 a5 27. Nd1 Qb4 28.
Rxa5 Qxb3 29. Ra6 Rb6 30. Rxb6 Qxb6 31. Nc3 Qb4 32. Ne2 Rb8 33. Qxb4 cxb4 34.
Bd4 b3 35. Rb1 Rb4 36. Bxg7 Kxg7 37. Rb2 Bb5 38. Ng3 Kf6 39. Kf2 Bd3 40. Ke3
Bc2 41. Nf5 Ke5 42. g3 Bxe4 43. fxe4 Rxe4+ 44. Kf3 Rb4 45. Ne3 Kd4 46. Ke2 Ke4
47. Nc2 Rc4 48. Na1 Kxd5 49. Rxb3 Rxg4 50. Kf3 Rc4 51. Rd3+ Ke5 52. Nb3 d5 53.
Nd2 Rc2 54. Ke3 g4 55. Ke2 d4 56. Ra3 Rc3 57. Ra5+ Ke6 58. Ra6+ Kf5 59. Ra5+
Kg6 60. Kf2 Rd3 61. Ne4 Rf3+ 62. Kg2 Rb3 63. Nf2 f5 64. Rd5 h5 65. Rxd4 h4 66.
gxh4 Kh5 67. Rf4 Rb5 68. Kg3 Rb3+ 69. Kg2 Rb5 70. Kg3 Ra5 71. Rd4 Re5 72. Rd3
Re1 73. Rd8 Re3+ 74. Kg2 Kxh4 75. Rh8+ Kg5 76. Rg8+ Kf4 77. Nxg4 Rg3+ 78. Kf2
Rh3 79. Nf6 Rh2+ 80. Rg2 Rh6 81. Nd5+ Ke4 82. Nc3+ Kd4 83. Ne2+ Ke4 84. Ng1 f4
85. Nf3 Ra6 86. Nd2+ Kf5 87. Rg8 Ra2 88. Rf8+ Ke5 89. Rd8 Rc2 90. Rd3 Kf5 91.
Kf3 Ra2 92. Ne4 Ra5 93. Nf2 Re5 94. Ng4 Re1 95. Rd5+ Ke6 96. Ra5 Rf1+ 97. Nf2
Kf6 98. Kg2 Re1 99. Nh3 Re2+ 100. Kf1 Re3 101. Kg2 Rg3+ 102. Kh2 Rg4 103. Nf2
Rg8 104. Kh3 Rg3+ 105. Kh4 Rg1 106. Ra4 Kf5 107. Ra5+ 1/2-1/2

[Event "Vendredi 2018.09.14"]
[Site "Montreal CAN"]
[Date "2018.09.21"]
[Round "2"]
[White "Tanaka, Tyler"]
[Black "Chiku-Ratte, Olivier-Kenta"]
[Result "0-1"]
[WhiteElo "2142"]
[BlackElo "2418"]
[PlyCount "126"]
[EventDate "2018.09.14"]
[EventType "tourn"]
[EventRounds "3"]
[EventCountry "CAN"]

1. e4 c5 2. Nf3 Nc6 3. d4 cxd4 4. Nxd4 e6 5. Nc3 Qc7 6. g3 Nf6 7. Ndb5 Qb8 8.
Bf4 Ne5 9. Bxe5 Qxe5 10. f4 Qc5 11. e5 a6 12. Na3 Qb4 13. Nc4 Nd5 14. a3 Nxc3
15. axb4 Nxd1 16. Kxd1 Bxb4 17. c3 Be7 18. Nb6 Rb8 19. Bg2 Kd8 20. Ra4 Kc7 21.
Nxc8 Rhxc8 22. Ke2 d6 23. exd6+ Bxd6 24. Rd1 Be7 25. Rc4+ Kb6 26. Rxc8 Rxc8 27.
Rd7 Rc7 28. Rxc7 Kxc7 29. Kd3 Bc5 30. h3 h5 31. g4 h4 32. f5 b6 33. fxe6 fxe6
34. Ke4 Kd6 35. Bf1 a5 36. Bc4 g5 37. Bb3 Bf2 38. Bc4 Bg3 39. Bb5 Bf4 40. b3
Bd2 41. c4 Bc3 42. Kd3 Bb2 43. Ke4 Ba3 44. Kd4 Bc5+ 45. Ke4 Bf2 46. Be8 Kc5 47.
Kd3 Kb4 48. Kc2 e5 49. Bg6 Bg3 50. Be4 a4 51. bxa4 Kxc4 52. Kd2 Kd4 53. Bg2 e4
54. Ke2 Bf4 55. Bh1 Bd6 56. Bg2 Bc5 57. Bh1 Ke5 58. Bg2 Kf4 59. Kf1 Kg3 60.
Bxe4 Kxh3 61. Bd5 Kxg4 62. Kg2 h3+ 63. Kh1 Kh4 0-1

[Event "Vendredi 2018.09.14"]
[Site "Montreal CAN"]
[Date "2018.09.28"]
[Round "3"]
[White "Chiku-Ratte, Olivier-Kenta"]
[Black "McDonough, Jonathan"]
[Result "0-1"]
[WhiteElo "2418"]
[BlackElo "2192"]
[PlyCount "150"]
[EventDate "2018.09.14"]
[EventType "tourn"]
[EventRounds "3"]
[EventCountry "CAN"]

1. d4 Nf6 2. c4 g6 3. Nc3 d5 4. Nf3 Bg7 5. h4 c6 6. Bg5 dxc4 7. e4 Be6 8. Bxf6
Bxf6 9. h5 b5 10. e5 Bg7 11. h6 Bf8 12. a4 b4 13. Ne4 Qa5 14. Nc5 Bd5 15. e6
Na6 16. exf7+ Bxf7 17. Nxa6 Qxa6 18. Ne5 Bd5 19. b3 c5 20. bxc4 Bb7 21. a5
O-O-O 22. d5 Qf6 23. Qg4+ Kc7 24. Qg3 Rd6 25. a6 Bxa6 26. Qe3 Kb7 27. Rh3 Rg8
28. Rd1 Ka8 29. Rf3 Bxh6 30. Qe4 Qg7 31. Rf7 Qh8 32. f4 Rf8 33. g3 g5 34. Bg2
gxf4 35. gxf4 Rxf7 36. Nxf7 Qc3+ 37. Kf2 Bxf4 38. Nxd6 Bxd6 39. Qxh7 Bxc4 40.
Qf5 Bg3+ 41. Kg1 Qe3+ 42. Kh1 Qh6+ 43. Bh3 Ba6 44. Kg2 Bd6 45. Qg4 Qh8 46. Re1
Bb7 47. Qe4 a6 48. Be6 Qh2+ 49. Kf3 Ka7 50. Qc4 Kb6 51. Rd1 Qh5+ 52. Bg4 Qe5
53. Qe4 Qg3+ 54. Ke2 a5 55. Bf3 Ba6+ 56. Kd2 a4 57. Kc2 a3 58. Rd2 Bb5 59. Rg2
Qe5 60. Qxe5 Bxe5 61. Kb3 Bd6 62. Be2 Bd7 63. Bc4 Ka5 64. Re2 Ba4+ 65. Ka2 Bb5
66. Rc2 Bxc4+ 67. Rxc4 Kb5 68. Kb3 Be5 69. Re4 Bf6 70. Re6 c4+ 71. Ka2 Bb2 72.
Rxe7 Kc5 73. Rg7 b3+ 74. Kb1 Be5 75. Kc1 a2 0-1

[Event "Montreal op"]
[Site "Montreal CAN"]
[Date "2018.09.07"]
[Round "1.3"]
[White "Durette, Francis"]
[Black "Chiku-Ratte, Olivier-Kenta"]
[Result "1/2-1/2"]
[WhiteElo "2165"]
[BlackElo "2420"]
[PlyCount "75"]
[EventDate "2018.09.07"]
[EventType "swiss"]
[EventRounds "5"]
[EventCountry "CAN"]

1. Nf3 Nf6 2. c4 g6 3. Nc3 Bg7 4. g3 O-O 5. Bg2 d6 6. d4 Nc6 7. O-O a6 8. e4
Bg4 9. h3 Bxf3 10. Bxf3 Nd7 11. Be3 Na5 12. Qa4 c5 13. dxc5 Nxc5 14. Bxc5 dxc5
15. Rad1 Bd4 16. e5 e6 17. Ne2 Qc7 18. Nxd4 cxd4 19. Rxd4 Qxe5 20. Rfd1 Rac8
21. Re4 Qc7 22. Rd7 Qb6 23. Red4 Nc6 24. Bxc6 bxc6 25. b3 a5 26. Qa3 c5 27. Rd2
Qa6 28. Qa4 Qa8 29. Qb5 Qe4 30. Qxa5 h5 31. Qc3 Ra8 32. Qd3 Qe5 33. Kg2 Qa1 34.
Qc2 Qf6 35. Qd3 Qa1 36. Qc2 Qf6 37. Qd3 Qa1 38. Qc2 1/2-1/2

[Event "Montreal op"]
[Site "Montreal CAN"]
[Date "2018.09.08"]
[Round "2.5"]
[White "Chiku-Ratte, Olivier-Kenta"]
[Black "Jacquet, Stephane"]
[Result "1-0"]
[WhiteElo "2420"]
[BlackElo "2059"]
[PlyCount "77"]
[EventDate "2018.09.07"]
[EventType "swiss"]
[EventRounds "5"]
[EventCountry "CAN"]

1. d4 d5 2. c4 dxc4 3. Nf3 Nf6 4. e3 e6 5. Bxc4 c5 6. O-O a6 7. Bb3 b5 8. a4 b4
9. e4 Bb7 10. e5 Nd5 11. Nbd2 Nd7 12. Nc4 h6 13. a5 Qc7 14. Ne3 Nxe3 15. Bxe3
c4 16. Bc2 Be7 17. Nd2 Rd8 18. Qg4 g5 19. f4 b3 20. Be4 c3 21. Bxb7 cxd2 22.
Bxa6 Qc2 23. Qe2 gxf4 24. Bxf4 Bg5 25. Bxg5 hxg5 26. Rab1 Rh4 27. Bd3 Qc6 28.
Qxd2 Rxd4 29. Qxg5 Qc5 30. Qg8+ Qf8 31. Qh7 Nxe5 32. Bb5+ Ke7 33. a6 Rb4 34.
Be2 Rd2 35. Rbe1 Qa8 36. Qh6 Rg4 37. Rf2 Rxb2 38. Qf6+ Ke8 39. Qh8+ 1-0

[Event "Montreal op"]
[Site "Montreal CAN"]
[Date "2018.09.08"]
[Round "3.3"]
[White "Berube, Antoine"]
[Black "Chiku-Ratte, Olivier-Kenta"]
[Result "0-1"]
[WhiteElo "2200"]
[BlackElo "2420"]
[PlyCount "108"]
[EventDate "2018.09.07"]
[EventType "swiss"]
[EventRounds "5"]
[EventCountry "CAN"]

1. d4 Nf6 2. c4 g6 3. Nc3 Bg7 4. e4 d6 5. f3 O-O 6. Nge2 c5 7. d5 e6 8. Ng3
exd5 9. cxd5 a6 10. a4 h5 11. Be2 Nbd7 12. O-O Re8 13. Re1 Nh7 14. Nf1 Rb8 15.
Be3 Ne5 16. Nd2 Bd7 17. a5 b5 18. axb6 Qxb6 19. Rxa6 Qxb2 20. Qc1 Bf8 21. f4
Qxc1 22. Rxc1 Ng4 23. Bxg4 Bxg4 24. Nc4 Rbd8 25. e5 Bf5 26. Rd1 dxe5 27. fxe5
Bc2 28. Rd2 Bb3 29. Na5 Rxe5 30. Bf4 Rf5 31. Nxb3 Rxf4 32. Rc6 Bh6 33. Rd1 Rc4
34. Rd3 Bg7 35. Ne2 Rc2 36. Nbd4 Bxd4+ 37. Nxd4 Rc1+ 38. Kf2 Rxd5 39. Ne2 Rf5+
40. Rf3 Rxf3+ 41. Kxf3 Rc2 42. Ke3 c4 43. g3 Kg7 44. h3 Ng5 45. h4 Ne6 46. Rc8
Kf6 47. Kf3 Ke7 48. Ke3 Ng7 49. Kf3 Nf5 50. Rc5 Kd7 51. Ra5 Rd2 52. Rc5 Rd3+
53. Kf2 Nd6 54. Nf4 Ne4+ 0-1